Lola Mora /

Guardado en:
Autor Corporativo: Canal Encuentro.
Formato: Deslizar
Materias:
Etiquetas: Agregar Etiqueta
Sin Etiquetas, Sea el primero en etiquetar este registro!
LEADER 00896ngm a22002415g 4500
001 CEM.cems022894
008 130507b2008##################0###0#####d
005 20241126143542.0
245 1 0 |a Lola Mora /  |c Canal Encuentro. 
300 |a 31'. 
500 |a En soporte VHS, consultar en ventanilla. 
505 0 |a Lola Mora: vida y obra. Sus estudios de pintura. Viaje a Roma. La fuente de las Nereidas. Rechazo de la aristocracia de su época. Obras más representativas. El deterioro de su salud. 
538 |a Soporte: VHS - Norma: Pal N - Color: Si - Grabación DRD 2008 - Hitachi=1710 
110 2 |a Canal Encuentro. 
082 9 8 |/ ENC 
653 |a NIVEL PRIMARIO 
653 |a NIVEL SECUNDARIO 
653 |a HISTORIA 
653 |a HISTORIA ARGENTINA 
653 |a LOLA MORA 
653 |a PINTURA 
653 |a NEREIDAS 
859 |a CEMS  |b BIB. CEMS - Depto. Recursos Didacticos  |h 982  |i ENC  |k DRD  |p 1537.12  |t Ej.1